Name the World Leader (1970s) - Picture Quiz - Statistics

General Stats
  • This quiz has been taken 156 times
  • The average score is 9 of 15
Answer Stats
Picture Hint Answer % Correct
United States Richard Nixon
94%
Iraq Saddam Hussein
89%
Libya Muammar Gaddafi
87%
United States Gerald Ford
82%
North Korea Kim Il-sung
82%
Uganda Idi Amin
78%
Canada Pierre Trudeau
63%
Egypt Anwar Sadat
61%
Iran Shah Mohammad Reza Pahlavi
52%
Indonesia Suharto
51%
West Germany Willy Brandt
50%
East Germany Erich Honecker
44%
France Georges Pompidou
44%
France Valéry Giscard d'Estaing
38%
Somalia Siad Barre
19%
No matching quizzes found
Score Distribution
Percent of People with Each Score
Percentile by Number Answered
Your Score History
You have not taken this quiz